| 000 | 00609nam a22002057a 4500 | ||
|---|---|---|---|
| 005 | 20170124110026.0 | ||
| 010 | _a697512 | ||
| 020 |
_c00.00 _a0575013311 |
||
| 035 | _a697512 | ||
| 037 | _bCen Lib/Ret | ||
| 040 |
_aDPL _bEN |
||
| 082 |
_a629.14353 _bCLA |
||
| 100 |
_aClarke, Arthur C. _920758 |
||
| 245 |
_aReport on planet three and other speculations / _cby Arthur C. Clarke |
||
| 260 |
_aLondon _bVictor Gollancz Ltd. _c1972 |
||
| 300 |
_axii,249p. _c20cm(Hb) |
||
| 650 |
_aOuter space _920759 |
||
| 650 |
_aExploration of outer space _920760 |
||
| 942 |
_2ddc _cEN _h629.14353 _mCLA |
||
| 999 |
_c127532 _d127532 |
||